Regions Where People Live The Longest - Statistics

General Stats
  • This quiz has been taken 7 times
  • The average score is 2 of 5
Answer Stats
Hint Answer % Correct
84.988 Southern-Kanto
100%
85.091 Chugoku
40%
85.24 Jeju
20%
85.608 Australian Capital Territory
0%
85.193 Hokuriku
0%
No matching quizzes found
Score Distribution
Percent of People with Each Score
Percentile by Number Answered
Your Score History
You have not taken this quiz